01413nam a2200361Ia 4500001001200000003000800012006001900020007001500039008004100054010001700095020001500112020001500127020002200142040002100164035002100185050002600206082002000232100002600252245011200278260004400390300001900434490003400453504006600487533015200553650005500705650004100760655002900801700002600830710001700856830003500873856012600908999001701034ebr10060760CaPaEBRm u cr cn|||||||||911231s1992 enka sbf 001 0 eng d z 91047715  z0203035380 z0415065488 z0415065496 (pbk.) aCaPaEBRcCaPaEBR a(OCoLC)25279913214aLB2900.5b.N48 1992eb04a371.2/009412201 aNewton, Colin,d1957-10aManaging change in schoolsh[electronic resource] :ba practical handbook /cColin Newton and Tony Tarrant. aLondon ;aNew York :bRoutledge,c1992. a253 p. :bill.1 aEducational management series aIncludes bibliographical references (p. [234]-242) and index. aElectronic reproduction.bPalo Alto, Calif. :cebrary,d2011.nAvailable via World Wide Web.nAccess may be limited to ebrary affiliated libraries. 0aSchool management and organizationzGreat Britain. 0aEducational planningzGreat Britain. 7aElectronic books.2local1 aTarrant, Tony,d1950-2 aebrary, Inc. 0aEducational management series.40uhttp://site.ebrary.com/lib/rucke/Doc?id=10060760zAn electronic book accessible through the World Wide Web; click to view c46202d46202